Guidelines for computer managers.

Bibliographic Details
Corporate Author: National Computing Centre Limited
Format: Book
Language:English
Published: Manchester, England : NCC Publications, 1981.
Subjects:

MARC

Tag First Indicator Second Indicator Subfields
LEADER 00000cam a2200000 a 4500
001 in00000336553
005 20151011051821.0
008 810724s1981 enk 00000 eng d
020 |a 0850122481  |c 915.00. 
035 |a (OCoLC)07612463 
035 |9 ABL0873AM 
040 |a AZU  |c AZU  |d TXA  |d UtOrBLW 
049 |a TXAM  |c [1656876] 
090 |a HF5548.2  |b  G84 1981 
245 0 0 |a Guidelines for computer managers. 
264 1 |a Manchester, England :  |b NCC Publications,  |c 1981. 
300 |a 265 pages ;  |c 22 cm. 
336 |a text  |b txt  |2 rdacontent 
337 |a unmediated  |b n  |2 rdamedia 
338 |a volume  |b nc  |2 rdacarrier 
500 |a Spine title: NCC guidelines for computer managers. 
500 |a Developed by the National Computing Center Limited. 
504 |a Includes bibliographical references. 
650 0 |a Business  |x Data processing. 
650 0 |a Electronic digital computers  |x Evaluation. 
650 0 |a Computers  |x Management. 
710 2 |a National Computing Centre Limited. 
740 0 |a NCC guidelines for computer managers. 
999 |a MARS 
999 f f |s 13375425-f8a1-35f1-ae4e-16315dd7eaeb  |i a0badc83-db59-363f-8d29-3382aec49708  |t 0 
952 f f |p ric  |a Texas A&M University  |b Rellis Campus  |c Joint Library Facility  |d Remote Storage  |t 0  |e HF5548.2 G84 1981  |h Library of Congress classification  |i unmediated -- volume  |m A14806443148 
998 f f |a HF5548.2 G84 1981  |t 0  |l Remote Storage